Pokémon - Attacken von Irokex in KA/PU - Statistiken

Allgemein
  • Dieses Quiz wurde 2 mal gespielt
  • Das Durchschnittsergebnis liegt bei 29 aus 82
Antwortstatistiken
Antwort % Korrekt
Bodycheck
100%
Drachentanz
100%
Finsteraura
100%
Fußkick
100%
Fußtritt
100%
Nahkampf
100%
Raub
100%
Silberblick
100%
Verhöhner
100%
Abschlag
50%
Ausdauer
50%
Bodyslam
50%
Coaching
50%
Delegator
50%
Donnerschlag
50%
Drachenpuls
50%
Eishieb
50%
Erholung
50%
Fassade
50%
Felsgrab
50%
Feuerschlag
50%
Fluch
50%
Fokusstoß
50%
Gegenstoß
50%
Gigastoß
50%
Grimasse
50%
Groll
50%
Hyperstrahl
50%
Katapult
50%
Knirscher
50%
Konter
50%
Neck Strike
50%
Protzer
50%
Regentanz
50%
Risikotackle
50%
Sandwirbel
50%
Säurespeier
50%
Scanner
50%
Schaufler
50%
Schmarotzer
50%
Schnellkonter
50%
Schutzschild
50%
Sonnentag
50%
Standpauke
50%
Steinhagel
50%
Steinkante
50%
Tera-Ausbruch
50%
Wegbereiter
50%
Wutanfall
50%
Ableithieb
0%
Amnesie
0%
Angeberei
0%
Aufruhr
0%
Brüller
0%
Drachenklaue
0%
Drachenrute
0%
Durchbruch
0%
Eisenabwehr
0%
Eisenschädel
0%
Folterknecht
0%
Frustventil
0%
Gegenschlag
0%
Gifthieb
0%
Kopfnuss
0%
Kopfstoß
0%
Matschbombe
0%
Metronom
0%
Mogelhieb
0%
Notsituation
0%
Power-Punch
0%
Prügler
0%
Rapidschutz
0%
Rechte Hand
0%
Schlafrede
0%
Schleuder
0%
Schwerttanz
0%
Strauchler
0%
Superzahn
0%
Trugträne
0%
Turmkick
0%
Zen-Kopfstoß
0%
Zugabe
0%
Keine übereinstimmenden Quizze gefunden
Verteilung der Resultate
Anzahl Personen mit jedem Resultat
Perzentil nach korrekt beantworteten Fragen
Ihre Resultats-Entwicklung
Sie haben dieses Quiz noch nicht gespielt